Statistiques concernant Troupes de Clash of clans

Cliquez ici pour prendre le quiz!

Statistiques générales

  • Ce quiz a été pris 336 fois
  • Le résultat moyen est 19 sur 25

Statistiques - réponses

Réponse% Correct
Barbare
99%
Archer
98%
Dragon
97%
Géant
94%
Sorcier
94%
Gobelin
90%
Ballon
89%
Gargouille
86%
Golem
86%
Pekka
86%
Sorcière
84%
Chevaucheur de cochon
83%
Sapeur
82%
Valkyrie
80%
Electro-dragon
76%
Guérisseuse
73%
Bébé dragon
72%
Mineur
69%
Molosse de lave
65%
Golem de glace
61%
Bouliste
54%
Yéti
44%
Chasseuse de tête
38%
Chevaucheur de dragon
32%
Electro-titanide
29%

Distribution des résultats

Percentile par nombre de réponses

% des personnes avec chaque résultat

Votre développement - résultats

Vous n’avez pas pris ce quiz